LIBRARY & INFORMATION CENTRE, KCAET, TAVANUR

ONLINE PUBLIC ACCESS CATALOGUE (OPAC)

Efficacy of public enterprise (Record no. 11148)

MARC details
000 -LEADER
fixed length control field 00501cam a2200181ua 4500
041 ## - LANGUAGE CODE
Language code of text/sound track or separate title eng
082 ## - DEWEY DECIMAL CLASSIFICATION NUMBER
Classification number 338.74
Item number RAM/EF
100 ## - MAIN ENTRY--AUTHOR NAME
Personal name v.v. Ramachandhran, Ramachandran .
245 ## - TITLE STATEMENT
Title Efficacy of public enterprise
260 ## - PUBLICATION, DISTRIBUTION, ETC. (IMPRINT)
Place of publication :
Name of publisher Allied publications Pvt ltd ,
Year of publication 1963.
300 ## - PHYSICAL DESCRIPTION
Number of Pages ; .
650 ## - SUBJECT ADDED ENTRY--TOPICAL TERM
Topical Term Cost benfit Analysis/social and economic /measurement board/measurement patthen
Holdings
Withdrawn status Lost status Damaged status Home library Current library Date acquired Full call number Accession Number Koha item type
Withdrawn     KAUAET Sanskrit University 07/04/2012 338.74 4072 Books
free website counter